00594nmm a2200193Ia 4500008004100000020001800041041000800059100002500067245005100092264008600143300001600229490002100245650001500266700002500281700001800306856005200324942000700376999001700383251105s9999||||xx |||||||||||||||||und|| a9788419004598 aspa aMazzanti, Marcelo E. 0aRick Riordan presents 1. La perla del dragón a[Madrid, España] :bDuomo ediciones, c[Fecha de publicación no identificada] a0 páginas aInfantil-Juvenil aLiterature aMazzanti, Marcelo E.1 a Ha Lee, Yoon uhttps://public.digitaliapublishing.com/a/124034 cCF c68680d68680